MARC

LEADER 00000nas a2200000 a 4500
001 ssj0000056
003 WaSeSS
005 20200512172242.0
006 m d
007 cr n
008 980306d19782002oncqr pss go 0 a0eng
010 |a  2010268030 
022 |y 0704-9722 
035 |a (WaSeSS)ssj0000056 
040 |a FGA  |b eng  |c FGA  |d OCL  |d OCLCQ  |d MUQ  |d OCLCQ  |d BUF  |d MNJ  |d NDO  |d OCLCE  |d OCLCO  |d OCLCQ  |d OCLCF  |d OCLCO  |d OCLCQ  |d VT2  |d OCLCO  |d WT2  |d NLC  |d OCLCQ  |d U3W  |d OCLCQ  |d AU@  |d OCLCQ  |d WaSeSS 
041 0 |a eng  |a fre 
042 |a pcc  |a dlr 
043 |a n-cn--- 
050 4 |a HV6001  |b .C3 
130 0 |a Canadian journal of criminology (Online) 
245 1 0 |a Canadian journal of criminology  |h [electronic resource] =  |b Revue canadienne de criminologie. 
246 3 1 |a Revue canadienne de criminologie 
260 |a Ottawa :  |b Canadian Criminal Justice Association 
310 |a Quarterly 
362 1 |a Began with v. 20 in 1978 and ceased with v. 44 in 2002. 
500 |a Final issued consulted: Vol. 44, no. 4 (Oct. 2002) (Hein Online, viewed Mar. 5, 2010). 
506 |a License restrictions may limit access. 
538 |a Master and use copy. Digital master created according to Benchmark for Faithful Digital Reproductions of Monographs and Serials, Version 1. Digital Library Federation, December 2002.  |u http://purl.oclc.org/DLF/benchrepro0212  |5 MiAaHDL 
538 |a EBSCOhost requires PDF viewer. 
546 |a Includes some text in French. 
550 |a Issued by the Association under its earlier name: Canadian Association for the Prevention of Crime, 1978-Jan. 1985. 
583 1 |a digitized  |c 2010  |h HathiTrust Digital Library  |l committed to preserve  |5 MiAaHDL  |2 pda 
588 0 |a Vol. 34, no. 1 (Jan. 1992); title from footer of p. [1] (viewed Sept. 9, 2009). 
650 0 |a Criminology  |z Canada  |v Periodicals. 
650 0 |a Crime prevention  |z Canada  |v Periodicals. 
650 0 |a Criminals  |x Rehabilitation  |z Canada  |v Periodicals. 
650 6 |a Criminologie  |z Canada  |v Périodiques. 
650 6 |a Criminalité  |x Prévention  |z Canada  |v Périodiques. 
650 6 |a Justice pénale  |x Administration  |z Canada  |v Périodiques. 
650 7 |a Crime prevention.  |2 fast  |0 (OCoLC)fst00883055 
650 7 |a Criminals  |x Rehabilitation.  |2 fast  |0 (OCoLC)fst00883537 
650 7 |a Criminology.  |2 fast  |0 (OCoLC)fst00883566 
651 7 |a Canada.  |2 fast  |0 (OCoLC)fst01204310 
655 0 |a Electronic journals. 
710 2 |a Canadian Criminal Justice Association. 
710 2 |a Canadian Association for the Prevention of Crime. 
776 0 8 |i Print version:  |t Canadian journal of criminology  |x 0704-9722  |w (DLC) 80640888  |w (OCoLC)3563755 
780 0 0 |t Canadian journal of criminology and corrections (Online)  |w (DLC) 2010268031  |w (OCoLC)463466331 
785 0 0 |t Canadian journal of criminology and criminal justice (Online)  |x 1911-0219  |w (DLC) 2007247580  |w (OCoLC)60629796 
856 4 0 |z Full text available from Research Library: 01/01/1994 to 10/31/2002  |u https://search.proquest.com/publication/43670